LEADER 01132nam0-2200325---450- 001 990008202570403321 005 20061023100950.0 035 $a000820257 035 $aFED01000820257 035 $a(Aleph)000820257FED01 035 $a000820257 100 $a20051011d1974----km-y0itay50------ba 101 0 $ager 102 $aNL 105 $ay---n----00yy 200 1 $a<>Denkmäler orientalischer Gottheiten im römischen Deutschland$emit Ausnahme der ägyptischen Gottheiten$fElmar Schwertheim 210 $aLeiden$cBrill$d1974 215 $aX, 355 p., [62] c. di tav.$cill., [3] c. geogr. ripieg$d25 cm 225 1 $aÉtudes préliminaires aux religions orientales dans l'empire romain 610 0 $aArcheologia$aReligioni comparate$aRoma 676 $a937$v21$zita 700 1$aSchwertheim,$bElmar$0155948 801 0$aIT$bUNINA$gRICA$2UNIMARC 901 $aBK 912 $a990008202570403321 952 $a937 BRILL 36$bBibl. 50851$fFLFBC 952 $aDDR-XXIV B 001.40$b1853 ddr$fDDR$m21-8388 959 $aDDR 996 $aDenkmaler orientalischer Gottheiten im romischen Deutschland$975744 997 $aUNINA LEADER 01173nam0-22002891i-450 001 990005366310403321 005 20230622160731.0 035 $a000536631 035 $aFED01000536631 035 $a(Aleph)000536631FED01 035 $a000536631 100 $a19990530d1930----0itay50------ba 101 0 $aita 105 $ay-------001yy 200 1 $a<>recenti scoperte archeologiche italiane a Butrinto, che fu sosta del villaggio di Enea per l'Italia$fDott. L. M. Ugolini 210 $a[Milano]$c[Industrie Grafiche N. Moneta]$d[1930 A. IX dell'E. F.] 215 $a7 p.$d30 cm 300 $aEstratto dal II volume degli Atti della XIX riunione della societa italiana per il progresso della scienza Bolzano - Trento, 7-15 Settembre 1930 - IX 700 1$aUgolini,$bLuigi Maria$f<1895-1936>$0208057 712 0 $aSocietà italiana per il progresso delle scienze 801 0$aIT$bUNINA$gRICA$2UNIMARC 901 $aBK 912 $a990005366310403321 952 $aARCH. BM MISC. 016 (02)$bARCH. 14461$fFLFBC 959 $aFLFBC 996 $aRecenti scoperte archeologiche italiane a Butrinto, che fu sosta del villaggio di Enea per l'Italia$9593741 997 $aUNINA